000 00292nam a22001217a 4500
008 180822b xxu||||| |||| 00| 0 eng d
041 _aeng
080 _a616.8
100 _a7
101 _aneu
245 _afluid and elecctrolytes in neurological surgery
_cthomas,c,c
942 _2udc
_cBK
999 _c47256
_d47256